Economic recovery to benefit every UK region (Record no. 117378)
[ view plain ]
| 000 -LEADER | |
|---|---|
| fixed length control field | 01344cam a2200229 4500 |
| 001 - CONTROL NUMBER | |
| control field | WB4019-05 |
| 008 - FIXED-LENGTH DATA ELEMENTS--GENERAL INFORMATION | |
| fixed length control field | 040520n2004 000 0 eng u |
| 035 ## - SYSTEM CONTROL NUMBER | |
| System control number | (Sirsi) u126241 |
| 245 ## - TITLE STATEMENT | |
| Title | Economic recovery to benefit every UK region |
| 260 ## - PUBLICATION, DISTRIBUTION, ETC. | |
| Date of publication, distribution, etc. | 2004 |
| 490 ## - SERIES STATEMENT | |
| Series statement | CBI News Release |
| Volume/sequential designation | 19 May 2004 (3) |
| 520 ## - SUMMARY, ETC. | |
| Summary, etc. | CBI survey, "A results overview of the regional survey of UK economic trends", shows that firms expect business to improve in every UK region during the second half of 2004. Domestic orders increased in firms in all regions over the last 12 months and the pace of growth is expected to increase over the next year. Output will also increase espcially in the southwest, East Midlands and the northeast. This will lead to increasing employment, particularly in London. For the CBI news release: http://www.cbi.org.uk/ndbs/press.nsf/0363c1f07c6ca 12a8025671c00381cc7/2215eccc724681c980256e97002833 1a?OpenDocument For the survey: http://www.cbi.org.uk/ndbs/press.nsf/0363c1f07c6ca 12a8025671c00381cc7/2215eccc724681c980256e97002833 1a/$FILE/RDA+Economic+Trends+-+May+2004.pdf |
| 590 ## - LOCAL NOTE (RLIN) | |
| Local note | WB |
| 590 ## - LOCAL NOTE (RLIN) | |
| Local note | WB |
| 650 ## - SUBJECT ADDED ENTRY--TOPICAL TERM | |
| Topical term or geographic name entry element | CBI |
| 650 ## - SUBJECT ADDED ENTRY--TOPICAL TERM | |
| Topical term or geographic name entry element | REGIONAL DEVELOPMENT AGENCIES |
| 650 ## - SUBJECT ADDED ENTRY--TOPICAL TERM | |
| Topical term or geographic name entry element | BUSINESS ENVIRONMENT |
| 650 ## - SUBJECT ADDED ENTRY--TOPICAL TERM | |
| Topical term or geographic name entry element | OUTPUT FORECAST |
| 650 ## - SUBJECT ADDED ENTRY--TOPICAL TERM | |
| Topical term or geographic name entry element | EMPLOYMENT MARKET |
| 690 ## - LOCAL SUBJECT ADDED ENTRY--TOPICAL TERM (OCLC, RLIN) | |
| Topical term or geographic name as entry element | ECONOMIC ISSUES |
| 942 ## - ADDED ENTRY ELEMENTS (KOHA) | |
| Suppress in OPAC | 0 |
| Withdrawn status | Lost status | Source of classification or shelving scheme | Damaged status | Not for loan | Home library | Current library | Shelving location | Date acquired | Total Checkouts | Full call number | Barcode | Date last seen | Copy number | Price effective from | Koha item type |
|---|---|---|---|---|---|---|---|---|---|---|---|---|---|---|---|
| Dewey Decimal Classification | London | London | News article | 20/05/2004 | WB4019-05 | 126241-1001 | 06/08/2019 | 1 | 06/08/2019 | News article |